00266nam a2200109Ia 4500008004100000041001200041082001100053100001600064245006400080260000600144650000600150221030s9999 xx 000 0 und d aEnglish a105.23 aR. J. Tocci 0aDigital Systems - Principles & Applicationscby R. J. Tocci c0 aB